ბათუმის შოთა რუსთაველის სახელმწიფო უნივერსიტეტის ბიბლიოთეკა

პერსონალის მენეჯმენტის თეორია და პრაქტიკა / (ბიბ.ჩანაწერი № 62179)

000 -ლიდერი
ფიქსირებული სიგრძის საკონტროლო ველი 01055nam a22002297a 4500
003 - საკონტროლო ნომრის იდენტიფიკატორი
საკონტროლო ველი Ge_BSU
005 - ბოლო ოპერაციის თარიღი და დრო
საკონტროლო ველი 20240729143012.0
008 - ფიქსირებული სიგრძის მონაცემთა ელემენტები - ზოგადი ინფორმაცია
ფიქსირებული სიგრძის საკონტროლო ველი 240729s2024 ge ||||| |||| 00| 0 geo d
020 ## - წიგნის საერთაშორისო სტანდარტული ნომერი
International Standard Book Number 9789941506765
041 ## - ენის კოდი
Language code of text/sound track or separate title geo
080 ## - უნივერსალური ათობითი კლასიფიკაციის ინდექსი
Universal Decimal Classification number 005.95/96 გ-41
100 ## - მთავარი ჩანაწერი - პიროვნების სახელი
Personal name გეჩბაია,ბადრი
9 (RLIN) 16576
245 ## - ცნობა სათაურის შესახებ
Title პერსონალის მენეჯმენტის თეორია და პრაქტიკა /
Statement of responsibility, etc ბადრი გეჩბაია, ქეთევან გოლეთიანი, გივი ბაქრაძე.
264 ## - წარმოების, გამოცემის, დისტრიბუციის და სხვა ცნობები
გამოცემის, წარმოების, დისტრიბუციის... ადგილი ბათუმი,
გამოცემის, წარმოების, დისტრიბუციის... სახელწოდება [გ.გ]
გამოცემის, წარმოების, დისტრიბუციის... თარიღი 2024.
300 ## - ფიზიკური აღწერა
Extent 228 გვ.:
Other physical details ცხრ;
Dimensions 24 სმ.
653 ## - INDEX TERM--UNCONTROLLED
Uncontrolled term პერსონალის მენეჯმენტის თეორია და პრაქტიკა
653 ## - INDEX TERM--UNCONTROLLED
Uncontrolled term მენჯმენტი
700 ## - ADDED ENTRY--PERSONAL NAME
Personal name გოლეთიანი, ქეთევან
9 (RLIN) 4158
700 ## - ADDED ENTRY--PERSONAL NAME
Personal name ბაქრაძე, გივი
9 (RLIN) 22993
773 ## - HOST ITEM ENTRY
Title ნაჩუქარი
942 ## - ADDED ENTRY ELEMENTS (KOHA)
Source of classification or shelving scheme
Koha item type წიგნი
ეგზემპლარები
ჩამოწერის სტატუსი დაკარგული ეგზემპლარის სტატუსი კლასიფიკაციის წყარო ან თაროზე გაწყობის სქემა დაზიანების სტატუსი არ გაიცემა მუდმივი მდებარეობა (დაცვის ადგილი) ამჟამინდელი ადგილსამყოფელი თაროზე განთავსების ადგილი შეძენის თარიღი ღირებულება, შესყიდვის ნორმალური ფასი სრული შენახვის შიფრი შტრიხკოდი ბოლო ოპერაციის თარიღი ეგზემპლარის მიმდევრობითი ნომერი (კეტერი?) ფასის ძალაში შესვლის თარიღი ეგზემპლარის სახეობა საჯარო შენიშვნა
          ბათუმის შოთა რუსთაველის სახელმწიფო უნივერსიტეტის მთავარი ბიბლიოთეკა ბათუმის შოთა რუსთაველის სახელმწიფო უნივერსიტეტის მთავარი ბიბლიოთეკა წიგნსაცავი 2024-07-29 10.00 005.95/96 გ-41 66048 2024-07-29 66048 2024-07-29 წიგნი 10.00
          ბათუმის შოთა რუსთაველის სახელმწიფო უნივერსიტეტის მთავარი ბიბლიოთეკა ბათუმის შოთა რუსთაველის სახელმწიფო უნივერსიტეტის მთავარი ბიბლიოთეკა წიგნსაცავი 2024-07-29 10.00 005.95/96 გ-41 66049 2024-07-29 66049 2024-07-29 წიგნი 10.00